Word Ladder: Movies Quiz Stats

 Plays Quiz Updated Sep 21, 2016

Challenge
Share
Tweet
Embed
Score 0/16 Timer 02:00
4 Plays Today
Hint 4-Letter Word % Correct
____ Free or Die HardLIVE
98.8%
Die ____HARD
98.7%
Harry Potter and the Goblet of ____FIRE
98.5%
I ____ You, ManLOVE
98.5%
Robin ____: Prince of ThievesHOOD
97.9%
The Tortoise and the ____HARE
97.4%
Daddy Day ____CARE
96.8%
Nine to ____FIVE
95.3%
Hint 4-Letter Word % Correct
Knock on ____WOOD
93.5%
Fool's ____GOLD
93.3%
To Have & To ____HOLD
93%
This Gun for ____HIRE
91.8%
5 ____ StudCARD
90.3%
She ____ a Yellow RibbonWORE
87.9%
The F ____WORD
86.5%
The _____CORE
81%

Today's Daily Dose

Missing Word
Hayao Miyazaki

Word Ladder
Florida

On This Day
December 13th II

You're not logged in!

Compare scores with friends on all Sporcle quizzes.
OR
Log In

You Might Also Like...

Show Comments

Extras

Top Quizzes Today


Score Distribution

Your Account Isn't Verified!

In order to create a playlist on Sporcle, you need to verify the email address you used during registration. Go to your Sporcle Settings to finish the process.

Report this User

Report this user for behavior that violates our Community Guidelines.

Details: